Largest Cities on Each Continent Ending in 'e' - Statistics

General Stats
  • This quiz has been taken 185 times
  • The average score is 18 of 37
Answer Stats
Continent Population Answer % Correct
Oceania 4,950,000 Melbourne
89%
Oceania 3,275,000 Brisbane
86%
Oceania 1,410,000 Adelaide
85%
Europe 3,450,000 Rome
81%
Asia 14,400,000 Lāhore
71%
South America 3,925,000 Recife
68%
North America 4,625,000 Seattle
68%
Europe 1,690,000 Marseille
65%
South America 5,150,000 Belo Horizonte
62%
South America 4,200,000 Porto Alegre
60%
Europe 4,975,000 Cologne / Dusseldorf
59%
Africa 2,600,000 Harare
59%
Asia 13,700,000 Bangalore
58%
Africa 2,350,000 Lomé
58%
Asia 7,550,000 Pune
55%
Africa 2,200,000 Brazzaville
53%
Europe 1,460,000 Prague
53%
North America 2,025,000 Jacksonville
51%
North America 1,640,000 Nashville
51%
Asia 7,750,000 Singapore
50%
Europe 1,460,000 Newcastle
49%
Oceania 509,894 Newcastle
49%
Africa 3,700,000 Yaoundé
49%
North America 2,575,000 Charlotte
46%
North America 1,520,000 Milwaukee
46%
Africa 1,140,000 Lilongwe
40%
North America 3,525,000 Port-au-Prince
40%
Asia 3,525,000 Indore
39%
Europe 2,250,000 Katowice
32%
Asia 2,925,000 Coimbatore
27%
Africa 1,140,000 Pointe-Noire
26%
Oceania 181,665 Townsville
26%
Oceania 148,934 Lae
24%
Africa 1,190,000 Sousse
21%
South America 584,240 Joinville
18%
South America 903,710 Campo Grande
14%
South America 540,200 Santa Fe
13%
No matching quizzes found
Score Distribution
Percent of People with Each Score
Percentile by Number Answered
Your Score History
You have not taken this quiz